1751 1495 1154 1415 1159 1520 1295 1172 1773 1083 1794 1989 1188 1745 1293 1569 1290 1249 1356 1980 1030 1304 1769 1340 1692 1298 1181 1904 1893 1302 1622 1230 1936 1356 1145 1808 1835 1502 1587 1145 1266 1764 1730 1817 1316 1808 1992 1851 1519 1218 1542 1840 1137 1982 1183 1003 1570 1897 1436 1923 1834 1691 1769 1751 1749 1952 1995 1668 1132 1857 1777 1765 1628 1647 1375 1816 1299 1032 1048 1355 1752 1087 1097 1879 1405 1546 1595 1528 1972 1287 1744 1554 1610 1110 1370 1455 1773 1869 1299 BCNSPRNW ULIB Ver.6.0+V

เปลี่ยนเป็นภาษาไทย

Change to English
 แสดงรายละเอียดบรรณานุกรม
  กลับหน้าหลัก

Brief Record : Get Marc (ISO 2709) : E-mail record : QR code < ปิดหน้าต่าง
LEADER : 00000nam 2200000uu 4500
001    13399110918
003     ULIB
008    110613s2546||||th 000 0 tha d
020    9749006518
050  4 AC158^bค696ส 2546
100    คูลิดจ์-สตอลซ์, อลิซาเบธ
245    สุขภาพและชีววิทยามนุษย์/ ^cผู้แต่ง คูลิดจ์-สตอลซ์, อลิซาเบธ; แปล ตรัยเทพ เกษศิลป์
246 31 สำรวจโลกวิทยาศาสตร์
260    กรุงเทพฯ : ^bเพียร์สัน เอ็ดดูเคชั่น อินโดไชน่า, ^c2546
300    288 หน้า : ^bภาพประกอบ ; ^c28 ซม.
490    สำรวจโลกวิทยาศาสตร์
650  7 การทดลอง
650  7 สรีรวิทยามนุษย์
650  7 วิทยาศาสตร์
700    ตรัยเทพ เกษศิลป์, ^eผู้แปล
945    ^p0^l0^i028556
995    ทศพร
999 ^a ใช้งานได้ทุกระบบ
รายการนี้ยังไม่มีแท็ก
คุณยังไม่ได้ล็อกอิน คุณสามารถมีกิจกรรมร่วมกับเว็บไซต์ได้ แต่ต้องล็อกอินก่อน ::
  ล็อกอิน

รายการสื่อสารสนเทศ

ลำดับที่ ประเภท เลขเรียก/บาร์โค้ด สถานที่ สถานะ
- ไม่พบข้อมูล -

รายการใกล้เคียง
    หัวเรื่อง [การทดลอง]
    หัวเรื่อง [สรีรวิทยามนุษย์]
    หัวเรื่อง [วิทยาศาสตร์]

BibComment


ยังไม่เคยถูกคอมเมนท์

คอมเมนท์ทรัพยากรรายการนี้
  คอมเมนท์: สุขภาพและชีววิทยา..


 Copyright 2026. Bcnsprnw @Library